Star Wars Quiz (Multiple Choice) - Statistics

General Stats
  • This quiz has been taken 1,825 times
  • The average score is 6 of 9
Answer Stats
Question Answer % Correct
Who killed Han Solo? Kylo Ren
94%
Who has died so far? (Counting Episode VIII) Luke Skywalker
91%
What did Leia, disguised as a bounty hunter named Bossk, threaten to explode in Jabba's palace? Thermal Detonator
90%
Who killed Jango Fett? Mace Windu
88%
What did the Empire create to blow up planets? The Death Star
84%
What is the name of the beast that Padme rides in the battle on Geonosis? Reek
38%
Which Jedi died in Order 66? Stass Allie
36%
Last Question: What is Bail Organa's height in meters? (ANSWER CAREFULLY) 1.91 meters
33%
In The Empire Strikes Back, who was Luke's snowspeeder copilot who died? Dak Ralter
32%
No matching quizzes found
Score Distribution
Percent of People with Each Score
Percentile by Number Answered
Your Score History
You have not taken this quiz